[Event "10. Miedzynarodowy Turnieju Klubu Szachowego Polonia Wroclaw - OPEN A"]
[Site "Wroclaw"]
[Date "1899-12-30"]
[Round "5.8"]
[White "Rozycki, Bartlomiej"]
[Black "Nguyen, Piotr"]
[Result "0-1"]
[WhiteTitle "k++"]
[BlackTitle "m"]
[WhiteElo "2198"]
[BlackElo "2273"]

1. e4 g6 2. d4 Bg7 3. Nc3 d6 4. Be3 a6 5. a4 Nf6 6. h3 b6 7. g4 Bb7 8. Bg2 c5 9.
d5 O-O 10. Nge2 e6 11. O-O exd5 12. exd5 Nbd7 13. f4 Re8 14. Qd2 b5 15. axb5 Nb6
16. bxa6 Bxa6 17. Bf2 Bxe2 18. Nxe2 Nc4 19. Rxa8 Qxa8 20. Qc3 Ne3 21. Bxe3 Nxg4
22. Bd4 cxd4 23. Qd2 Ne3 24. Rc1 Nxg2 25. Kxg2 Qxd5+ 26. Kh2 Qf3 27. Ng1 Qb7 28.
b3 Re3 29. Qg2 Qc7 30. Rf1 Bh6 31. Kh1 Rc3 32. Rf2 Kg7 33. Qe4 Qc6 34. Qxc6 Rxc6
35. Nf3 d3 36. cxd3 Bxf4 37. Kg2 Rc3 38. Ne1 Be5 39. Rb2 Rc1 40. Re2 Rb1 41. Nf3
Rxb3 42. d4 Bf6 43. Ra2 Rb4 44. Ra6 Bxd4 45. Rxd6 Rb2+ 46. Kh1 Bf6 47. Nd2 h5
48. Ne4 Be5 49. Rd7 Bf4 50. Kg1 Re2 51. Nc3 Re3 52. Nd5 Rd3 53. Kg2 Be5 54. h4
Rd4 55. Kh3 Rd3+ 56. Kg2 Rd4 57. Kh3 Rg4 58. Rd8 Rg3+ 59. Kh2 Rd3+ 60. Kg2 Bf6
0-1

[Event "10. Miedzynarodowy Turnieju Klubu Szachowego Polonia Wroclaw - OPEN A"]
[Site "Wroclaw"]
[Date "1899-12-30"]
[Round "5.9"]
[White "Kulas, Szymon"]
[Black "Kowalczyk, Rafal"]
[Result "1-0"]
[WhiteTitle "k"]
[BlackTitle "k"]
[WhiteElo "2243"]
[BlackElo "2158"]

1. d4 Nf6 2. Nf3 e6 3. c4 b6 4. g3 Bb7 5. Bg2 Bb4+ 6. Bd2 c5 7. Bxb4 cxb4 8. O-O
O-O 9. Nbd2 d6 10. Qb3 a5 11. a3 bxa3 12. bxa3 Nbd7 13. Rfe1 Qe7 14. e4 e5 15.
c5 dxc5 16. dxe5 Ng4 17. Nc4 a4 18. Qb1 Qe6 19. Bh3 h5 20. Nd6 Ba6 21. Ng5 Qxe5
22. Nf5 Qc3 23. Ne7+ Kh8 24. Nd5 Qd2 25. Bxg4 hxg4 26. f4 gxf3 27. Nxf3 Qd3 28.
Qxd3 Bxd3 29. Rad1 Bc2 30. Rd2 Bb3 31. Nc7 Rad8 32. e5 Nb8 33. Rd6 Nd7 34. Ng5
b5 35. Nxb5 f6 36. e6 fxg5 37. e7 Rb8 38. Rxd7 Rg8 39. Nd6 c4 40. e8=Q Rbxe8 41.
Rxe8 c3 42. Rc7 c2 43. Rxg8+ 1-0

[Event "10. Miedzynarodowy Turnieju Klubu Szachowego Polonia Wroclaw - OPEN A"]
[Site "Wroclaw"]
[Date "1899-12-30"]
[Round "5.10"]
[White "Zombirt, Filip"]
[Black "Maj, Pawel"]
[Result "0-1"]
[WhiteTitle "I+"]
[BlackTitle "k"]
[WhiteElo "2013"]
[BlackElo "2129"]

1. d4 Nf6 2. c4 c5 3. d5 b5 4. cxb5 a6 5. bxa6 g6 6. Nc3 Bxa6 7. g3 d6 8. Bg2 Bg7
9. Nf3 Nbd7 10. Rb1 O-O 11. O-O Qa5 12. Bd2 Bb7 13. Qc2 Qa6 14. e4 e6 15. dxe6
fxe6 16. Rfe1 Ng4 17. h3 Nge5 18. Ng5 Rae8 19. Bf1 Qa7 20. f4 h6 21. fxe5 Nxe5
22. Bg2 hxg5 23. Bxg5 Ba6 24. Rbd1 Qb6 25. Bf4 Rb8 26. Na4 Qc6 27. b3 Rfd8 28.
Rd2 c4 29. Rc1 Qb7 30. bxc4 Nxc4 31. Rdd1 Qa7+ 32. Kh1 Rb4 33. e5 Bb7 34. Nc3
Rb2 35. Qxb2 Nxb2 36. Rxd6 Bxg2+ 37. Kxg2 Rxd6 38. exd6 Nd3 0-1

[Event "10. Miedzynarodowy Turnieju Klubu Szachowego Polonia Wroclaw - OPEN A"]
[Site "Wroclaw"]
[Date "1899-12-30"]
[Round "5.11"]
[White "Praczukowski, Stanislaw"]
[Black "Pajak, Jakub"]
[Result "1/2-1/2"]
[WhiteTitle "I++"]
[BlackTitle "I+"]
[WhiteElo "2037"]
[BlackElo "1836"]

1. e4 c5 2. Nf3 d6 3. d4 cxd4 4. Nxd4 Nf6 5. Nc3 g6 6. Be3 Bg7 7. f3 O-O 8. Qd2
Nc6 9. Bc4 Bd7 10. Bb3 Rc8 11. O-O-O Nxd4 12. Bxd4 b5 13. h4 a5 14. a4 bxa4 15.
Nxa4 Bxa4 16. Bxa4 Rc4 17. Bb3 Nxe4 18. Qe3 Rxd4 19. Rxd4 Bxd4 20. Qxe4 Bg7 21.
h5 e6 22. hxg6 Qg5+ 23. f4 Qxg6 24. Qf3 Qf6 25. c3 d5 26. Bc2 h6 27. g3 d4 28.
Qd3 Rd8 29. c4 Qe7 30. Rxh6 Qb4 31. Rh5 Rb8 32. b3 Kf8 33. Rb5 Rxb5 34. cxb5 1/2-1/2

[Event "10. Miedzynarodowy Turnieju Klubu Szachowego Polonia Wroclaw - OPEN A"]
[Site "Wroclaw"]
[Date "1899-12-30"]
[Round "6.2"]
[White "Kanicki, Krzysztof"]
[Black "Swicarz, Maciej"]
[Result "0-1"]
[WhiteTitle "I+"]
[BlackTitle "m"]
[WhiteElo "2097"]
[BlackElo "2268"]

1. e4 c6 2. d4 d5 3. e5 c5 4. dxc5 e6 5. Be3 Nh6 6. c3 Nf5 7. Bd4 Bd7 8. Nf3 Nc6
9. Bb5 Nxe5 10. Nxe5 Bxb5 11. a4 Bd7 12. O-O Be7 13. Nd2 O-O 14. f4 Be8 15. Ndf3
b6 16. cxb6 Nxd4 17. Nxd4 axb6 18. f5 Bd6 19. Ng4 e5 20. Ne2 Bc5+ 21. Kh1 f6 22.
b3 Bf7 23. Qd2 Qd7 24. Ne3 Rfd8 25. Nc2 Kh8 26. Qd3 Qc7 27. Rad1 Rac8 28. Rd2
Bd6 29. h3 Qc6 30. Rdd1 Bh5 31. Rfe1 Bc5 32. Ne3 d4 33. cxd4 Bb4 34. d5 Qc5 35.
Rf1 e4 36. Qa6 Ra8 37. Qb7 Bxe2 38. Nc4 Bxf1 39. Rxf1 e3 40. Ne5 fxe5 41. f6 gxf6
42. Qf7 Rf8 43. Qh5 Qxd5 44. Rf4 exf4 0-1

[Event "10. Miedzynarodowy Turnieju Klubu Szachowego Polonia Wroclaw - OPEN A"]
[Site "Wroclaw"]
[Date "1899-12-30"]
[Round "6.3"]
[White "Cukrowski, Filip"]
[Black "Sielecki, Christof"]
[Result "1/2-1/2"]
[WhiteTitle "m"]
[BlackTitle "IM"]
[WhiteElo "2330"]
[BlackElo "2437"]

1. e4 e5 2. Nf3 Nc6 3. Bb5 a6 4. Bxc6 dxc6 5. O-O Be7 6. d4 exd4 7. Qxd4 Qxd4 8.
Nxd4 Bd7 9. Nc3 O-O-O 10. Be3 Bb4 11. Nde2 Re8 12. Rfd1 f5 13. exf5 Bxf5 14. Rd2
Nf6 15. a3 Bxc3 16. Nxc3 Rd8 17. Re2 Rhe8 18. Rae1 Nd5 19. Nxd5 Rxd5 20. f3 Rde5
21. Kf2 Be6 22. Bd4 Rxe2+ 23. Rxe2 g6 24. Kg3 Kd7 25. Kh4 Bc4 26. Rxe8 Kxe8 27.
Kg5 Bf1 28. g3 Bg2 29. f4 Kf7 30. Kh6 Kg8 31. Be5 Bh3 32. b4 Bd7 33. Bxc7 Bc8
34. Kg5 Kf7 35. a4 h5 36. c3 Bd7 37. a5 Bc8 38. Bb6 Bd7 39. Bc5 Bc8 40. Kh4 Kf6
41. h3 Kf5 42. Bd6 Ke6 43. Bc7 Kf7 44. Bb6 Bf5 45. g4 hxg4 46. hxg4 Bc2 47. Kg3
Ke6 48. Be3 Bd3 49. Kf2 Kd5 50. Bd4 Ke6 51. Bb6 Kd5 52. Bc5 Bc2 53. Bf8 Bd1 54.
Kg3 Ke6 55. Bc5 Bc2 56. Kh4 Bd3 57. Kg5 Bc2 58. Be3 Bd3 59. Kh6 Kf7 60. f5 gxf5
61. g5 f4 62. Bxf4 c5 63. bxc5 Be4 64. Kh5 1/2-1/2

[Event "10. Miedzynarodowy Turnieju Klubu Szachowego Polonia Wroclaw - OPEN A"]
[Site "Wroclaw"]
[Date "1899-12-30"]
[Round "6.4"]
[White "Stachowiak, Kamil"]
[Black "Grela, Kacper"]
[Result "1-0"]
[WhiteTitle "IM"]
[BlackTitle "k"]
[WhiteElo "2434"]
[BlackElo "2294"]

1. c4 Nf6 2. Nc3 g6 3. g3 Bg7 4. Bg2 O-O 5. Nf3 d6 6. O-O Nc6 7. Rb1 e5 8. d3 h6
9. b4 Be6 10. b5 Ne7 11. Nd2 c6 12. bxc6 bxc6 13. Qa4 Qd7 14. Ba3 Rfc8 15. Qa6
Rab8 16. Rb3 Rxb3 17. Nxb3 Rb8 18. Rb1 Qc7 19. Qa5 Qd7 20. Rb2 Rb7 21. Qa4 Qc7
22. Na5 Rxb2 23. Bxb2 Bd7 24. Nb3 Ne8 25. Ba3 f5 26. e3 Kh7 27. Bc1 e4 28. d4
Nc8 29. c5 d5 30. Bf1 g5 31. Ba6 Ne7 32. Bd2 Bc8 33. Bxc8 Nxc8 34. Nxd5 cxd5 35.
Qxe8 Ne7 36. Qf7 Qd7 37. Ba5 f4 38. exf4 Qg4 39. fxg5 hxg5 40. Nd2 Nf5 41. Qxd5
Qd1+ 42. Nf1 Qf3 43. Qb3 Qe2 44. Bc3 Qg4 45. Qc2 Bxd4 46. Bxd4 Nxd4 47. Ne3 Qe6
48. Qd1 Nf3+ 49. Kg2 Qa6 50. Qd7+ Kh8 51. Qe8+ Kg7 52. Qxe4 Ne1+ 53. Kg1 Nd3 54.
c6 Qa3 55. Qc4 Ne5 56. Qd4 Qc1+ 57. Nf1 Kf6 58. f4 gxf4 59. gxf4 1-0

[Event "10. Miedzynarodowy Turnieju Klubu Szachowego Polonia Wroclaw - OPEN A"]
[Site "Wroclaw"]
[Date "1899-12-30"]
[Round "6.5"]
[White "Dobrowolski, Piotr"]
[Black "Piotrowski, Przemyslaw"]
[Result "1/2-1/2"]
[WhiteTitle "IM"]
[BlackTitle "k"]
[WhiteElo "2416"]
[BlackElo "2292"]

1. e4 c5 2. c3 Nf6 3. e5 Nd5 4. d4 cxd4 5. Nf3 e6 6. cxd4 b6 7. Nc3 Bb7 8. Bd3
d6 9. O-O Nd7 10. Bg5 Nxc3 11. bxc3 Be7 12. Bf4 dxe5 13. Nxe5 Nxe5 14. Bxe5 O-O
15. Re1 Bf6 16. a4 Rc8 17. Qd2 Bxe5 18. Rxe5 Qc7 19. Re3 Rfd8 20. Rae1 h6 21.
Bb1 Qf4 22. Qd3 g6 23. Ba2 Bd5 24. c4 Bc6 25. d5 Bxa4 26. Re4 Qf5 27. Qa3 Bd7
28. h3 exd5 29. cxd5 Rc2 30. R4e2 Rdc8 31. Qb4 a5 32. Qd4 Bb5 33. Rxc2 Qxc2 34.
Qxb6 Qd2 35. Rb1 Rc2 36. Qe3 Qxe3 37. fxe3 Bd3 38. d6 Bf5 39. Bd5 Rd2 40. e4 Be6
41. Rb5 a4 42. Ra5 a3 43. Bxe6 fxe6 44. Rxa3 Rxd6 1/2-1/2

[Event "10. Miedzynarodowy Turnieju Klubu Szachowego Polonia Wroclaw - OPEN A"]
[Site "Wroclaw"]
[Date "1899-12-30"]
[Round "6.6"]
[White "Balinski, Damian"]
[Black "Gumularz, Szymon"]
[Result "0-1"]
[WhiteTitle "k"]
[BlackTitle "I++"]
[WhiteElo "2201"]
[BlackElo "2284"]

1. d4 Nf6 2. Nf3 d6 3. Bf4 g6 4. h3 Bg7 5. e3 O-O 6. Be2 Nfd7 7. O-O e5 8. Bh2
Nc6 9. c4 f5 10. Nc3 e4 11. Nd2 g5 12. Nd5 Nf6 13. Rc1 Nxd5 14. cxd5 Ne7 15. Qb3
Kh8 16. Rc3 c6 17. dxc6 Nxc6 18. Qa3 d5 19. b4 f4 20. b5 Ne7 21. Rfc1 Ng6 22.
Rc7 fxe3 23. fxe3 g4 24. hxg4 Qh4 25. Rf1 Bxg4 26. Bxg4 Qxg4 27. Qd6 Qe2 28. Rxg7
Qxe3+ 29. Kh1 Kxg7 30. Be5+ Kh6 31. Bf6 Rxf6 32. Rxf6 Qxd2 33. Rxg6+ hxg6 34.
Qh2+ Kg5 35. Qg3+ Kf5 36. Qe5+ Kg4 37. Qe6+ Kg3 38. Qh3+ Kf2 39. Kh2 Kf1 40. Kh1
Rh8 0-1

[Event "10. Miedzynarodowy Turnieju Klubu Szachowego Polonia Wroclaw - OPEN A"]
[Site "Wroclaw"]
[Date "1899-12-30"]
[Round "6.7"]
[White "Nguyen, Piotr"]
[Black "Kulas, Szymon"]
[Result "0-1"]
[WhiteTitle "m"]
[BlackTitle "k"]
[WhiteElo "2273"]
[BlackElo "2243"]

1. d4 Nf6 2. Bg5 Ne4 3. Bf4 c5 4. f3 Qa5+ 5. c3 Nf6 6. d5 d6 7. e4 g6 8. Na3 Nbd7
9. Qd2 Bg7 10. g4 h5 11. g5 Nh7 12. Be3 Qc7 13. f4 a6 14. c4 O-O 15. Nf3 b5 16.
cxb5 axb5 17. Nxb5 Qb8 18. Kf2 Nb6 19. Be2 f5 20. e5 Rd8 21. exd6 exd6 22. b3
Bb7 23. Bc4 Bxa1 24. Rxa1 Ba6 25. a4 Re8 26. Qc3 Nxc4 27. bxc4 Bxb5 28. cxb5 Re4
29. Bc1 Kf7 30. Bb2 Qg8 31. a5 Rae8 32. Re1 Rxf4 33. Rxe8 Kxe8 34. Qd2 Nxg5 35.
Kg2 Rg4+ 36. Kf1 Nxf3 37. Qe2+ Re4 38. Qxf3 Qxd5 0-1

[Event "10. Miedzynarodowy Turnieju Klubu Szachowego Polonia Wroclaw - OPEN A"]
[Site "Wroclaw"]
[Date "1899-12-30"]
[Round "6.8"]
[White "Guzewicz, Rafal"]
[Black "Gelip, Ioana"]
[Result "1-0"]
[WhiteTitle "I+"]
[BlackTitle ""]
[WhiteElo "2045"]
[BlackElo "2155"]

1. d4 Nf6 2. Bf4 e6 3. e3 Be7 4. Nd2 O-O 5. Bd3 Nc6 6. h3 b6 7. Ngf3 Bb7 8. O-O
d6 9. a3 Re8 10. Qe2 Bf8 11. Bg5 e5 12. dxe5 dxe5 13. Ne4 Be7 14. Rfd1 Nxe4 15.
Bxe4 Qc8 16. Bxe7 Rxe7 17. Rd2 h6 18. Rad1 Qe6 19. Qd3 Rae8 20. b4 a5 21. Qc3
axb4 22. axb4 Na5 23. Bd5 Bxd5 24. Rxd5 Qc6 25. Qxc6 Nxc6 26. c3 e4 27. Nd2 Ra8
28. Nc4 Ra2 29. R5d2 Rxd2 30. Rxd2 Kh7 31. Rd5 Kg6 32. b5 Na5 33. Nxa5 bxa5 34.
Rc5 a4 35. Rc6+ Kf5 36. Ra6 Re5 37. c4 Re6 38. Rxa4 Ke5 39. Ra6 Rb6 40. g4 Kd6
41. Kg2 Kc5 42. Ra7 Kxc4 43. Rxc7+ Kd3 44. Rxf7 g6 45. Rd7+ Ke2 46. Ra7 Rf6 47.
Ra2+ Ke1 48. Rb2 Rb6 49. f3 exf3+ 50. Kxf3 Kd1 51. Ke4 Kc1 52. Rb4 Kc2 53. Kd4
1-0

[Event "10. Miedzynarodowy Turnieju Klubu Szachowego Polonia Wroclaw - OPEN A"]
[Site "Wroclaw"]
[Date "1899-12-30"]
[Round "6.9"]
[White "Maj, Pawel"]
[Black "Rozycki, Bartlomiej"]
[Result "1/2-1/2"]
[WhiteTitle "k"]
[BlackTitle "k++"]
[WhiteElo "2129"]
[BlackElo "2198"]

1. e4 e6 2. d4 d5 3. Nc3 Bb4 4. exd5 exd5 5. Bd3 c5 6. a3 Bxc3+ 7. bxc3 c4 8. Be2
Bf5 9. Bf3 Nf6 10. Bg5 Nbd7 11. Rb1 Qa5 12. Ne2 b6 13. Rb4 Qxa3 14. O-O O-O 15.
Qb1 Be4 16. Bxe4 Nxe4 17. Bc1 Qa6 18. f3 Nef6 19. g4 Rfe8 20. Ng3 Nf8 21. Bg5
Re6 22. Qd1 Rae8 23. h4 Qb7 24. h5 h6 25. Bf4 b5 26. Rb1 N8d7 27. Qd2 Qb6 28.
Rf2 Nh7 29. Nf5 a6 30. Kh1 Qd8 31. Nd6 Rf8 32. Ra1 Nb8 33. Nb7 Qh4+ 34. Rh2 Qe7
35. Nc5 Rc6 36. Bxb8 Rxb8 37. Rxa6 Rxa6 38. Nxa6 Ra8 39. Nb4 Ra1+ 40. Kg2 Ng5
41. Qf2 Qe6 42. Rh1 Ne4 43. Rxa1 Nxf2 44. Kxf2 Qd6 45. Re1 Qh2+ 46. Ke3 Kh7 47.
Re2 Qg1+ 48. Kf4 Qd1 49. Ke3 f5 50. Nxd5 fxg4 51. fxg4 Qg1+ 52. Kf3 Qh1+ 53. Rg2
Qh3+ 54. Kf2 Qh4+ 55. Ke2 Qh1 56. Ne3 Qa1 57. Nd5 b4 58. cxb4 Qxd4 59. Ne3 g6
60. Rf2 gxh5 61. gxh5 c3 62. Rf5 Qxb4 63. Kf3 Qd4 64. Ke2 Kg7 65. Kf3 Qd2 66.
Ke4 1/2-1/2

[Event "10. Miedzynarodowy Turnieju Klubu Szachowego Polonia Wroclaw - OPEN A"]
[Site "Wroclaw"]
[Date "1899-12-30"]
[Round "6.10"]
[White "Pajak, Jakub"]
[Black "Kowalczyk, Rafal"]
[Result "0-1"]
[WhiteTitle "I+"]
[BlackTitle "k"]
[WhiteElo "1836"]
[BlackElo "2158"]

1. e4 e5 2. Nf3 d6 3. d4 Nd7 4. Bc4 c6 5. Nc3 Be7 6. O-O Ngf6 7. h3 O-O 8. Be3
Qc7 9. a3 b6 10. d5 c5 11. Nd2 a6 12. a4 g6 13. Be2 Ne8 14. Bh6 Ng7 15. g4 Qd8
16. f4 exf4 17. Bxf4 Ne5 18. Nf3 Nxf3+ 19. Bxf3 Bf6 20. Qd2 Rb8 21. Rae1 Bd4+
22. Be3 Be5 23. Bf4 Qe7 24. Bxe5 Qxe5 25. Bg2 g5 26. Qf2 f6 27. Nd1 b5 28. axb5
axb5 29. c3 b4 30. c4 Ra8 31. b3 Ra3 32. Re3 Rf7 33. Rd3 Ne8 34. Qg3 Qxg3 35.
Rxg3 Rfa7 36. Rd3 Ra2 37. Rf2 Ra1 38. Kf1 R7a3 39. Ke1 Ba6 40. Bf1 Rc1 41. Kd2
Rb1 42. Kc2 Rba1 43. Nb2 Re1 44. Be2 Raa1 45. Rd1 Raxd1 46. Nxd1 Rh1 47. Bf1 Bc8
48. Ne3 h5 49. Nf5 hxg4 50. Ne7+ Kg7 51. Nxc8 g3 52. Rf3 Rh2+ 53. Kd3 g2 54. Bxg2
Rxg2 55. e5 fxe5 56. Ke4 g4 57. hxg4 Rxg4+ 58. Kf5 Rg6 59. Rh3 Rf6+ 60. Kg5 Kf7
61. Rh7+ Ng7 62. Kg4 e4 63. Rh3 Nf5 64. Rh7+ Kg6 65. Rh3 e3 66. Rh2 Rf8 67. Nb6
Nd4 68. Nd7 Rf7 69. Nb6 e2 70. Rh1 Rf1 0-1

[Event "10. Miedzynarodowy Turnieju Klubu Szachowego Polonia Wroclaw - OPEN A"]
[Site "Wroclaw"]
[Date "1899-12-30"]
[Round "6.11"]
[White "Zombirt, Filip"]
[Black "Praczukowski, Stanislaw"]
[Result "1/2-1/2"]
[WhiteTitle "I+"]
[BlackTitle "I++"]
[WhiteElo "2013"]
[BlackElo "2037"]

1. d4 Nf6 2. c4 e6 3. g3 Bb4+ 4. Bd2 Qe7 5. Bg2 Nc6 6. Nf3 Bxd2+ 7. Qxd2 Ne4 8.
Qc2 Qb4+ 9. Nc3 Nxc3 10. Qxc3 Qxc3+ 11. bxc3 d6 12. O-O e5 13. Rab1 O-O 14. e3
Rb8 15. c5 Bf5 16. Rbd1 exd4 17. Nxd4 Nxd4 18. Rxd4 dxc5 19. Rd5 Be6 20. Rxc5
c6 21. a4 Rbd8 22. a5 a6 23. h4 f6 24. Rb1 Rf7 25. Bf3 Rfd7 26. Rb4 g6 27. Rd4
Kf7 28. Kf1 Ke7 29. Ke1 Rd6 30. Be2 Kd7 31. Bg4 Kc7 32. Bxe6 Rxe6 33. g4 Rde8
34. Rf4 Kd6 1/2-1/2

[Event "10. Miedzynarodowy Turnieju Klubu Szachowego Polonia Wroclaw - OPEN A"]
[Site "Wroclaw"]
[Date "1899-12-30"]
[Round "7.1"]
[White "Swicarz, Maciej"]
[Black "Cyborowski, Lukasz"]
[Result "0-1"]
[WhiteTitle "m"]
[BlackTitle "GM"]
[WhiteElo "2268"]
[BlackElo "2522"]

1. Nf3 c5 2. c4 g6 3. d4 Bg7 4. e4 cxd4 5. Nxd4 Nc6 6. Be3 Nf6 7. Nc3 O-O 8. Be2
d6 9. O-O Bd7 10. Nc2 Qa5 11. Qd2 Rfc8 12. Rac1 Ne5 13. b3 Nc6 14. b4 Qd8 15.
f4 Bg4 16. Bd3 Be6 17. h3 a5 18. a3 axb4 19. axb4 Nb8 20. Nd5 Bxd5 21. cxd5 Ra2
22. Qe1 Nbd7 23. Nd4 Ra3 24. Qd2 Rca8 25. Kh2 Ra2 26. Rc2 Rxc2 27. Qxc2 Qb6 28.
Qc4 Qd8 29. Rc1 Nb6 30. Qb5 Nfd7 31. Nb3 g5 32. fxg5 Be5+ 33. Kg1 Na4 34. Qxb7
Rb8 35. Qa6 Ra8 36. Qc6 Bb2 37. Rc2 Ne5 38. Qb5 Nc3 39. Rxc3 Bxc3 40. Bb6 Qe8
41. Qxe8+ Rxe8 42. Bd4 Bxd4+ 0-1

[Event "10. Miedzynarodowy Turnieju Klubu Szachowego Polonia Wroclaw - OPEN A"]
[Site "Wroclaw"]
[Date "1899-12-30"]
[Round "7.2"]
[White "Stachowiak, Kamil"]
[Black "Sieciechowicz, Marcin"]
[Result "1-0"]
[WhiteTitle "IM"]
[BlackTitle "IM"]
[WhiteElo "2434"]
[BlackElo "2449"]

1. d4 Nf6 2. c4 g6 3. Nc3 d5 4. cxd5 Nxd5 5. Bd2 Bg7 6. e4 Nxc3 7. Bxc3 O-O 8.
Qd2 c5 9. d5 Bxc3 10. bxc3 Qd6 11. Nf3 Bg4 12. Ng5 h6 13. h3 hxg5 14. hxg4 Qe5
15. Qe3 Nd7 16. Bb5 Nb6 17. Be2 Kg7 18. g3 Rh8 19. O-O-O Rxh1 20. Rxh1 f6 21.
Kc2 c4 22. f4 gxf4 23. Qxf4 Qxf4 24. gxf4 g5 25. fxg5 fxg5 26. Kd2 Rc8 27. Ke3
Rc5 28. Rh5 Kg6 29. Bf3 Ra5 30. Rh2 Ra3 31. Kd4 Na4 32. Rc2 b6 33. e5 Nc5 34.
d6 Ne6+ 35. Kd5 Kf7 36. Rf2 Ra5+ 37. Kc6 Rc5+ 38. Kb7 Nd8+ 39. Kxa7 Rxe5 40. dxe7
Rxe7+ 41. Kxb6 Re3 42. Bd5+ Ke7 43. Rf3 Re5 44. Bxc4 Re4 45. Bb5 Rxg4 46. Re3+
Kf6 47. a4 Nf7 48. a5 Rg1 49. Rf3+ Ke7 50. Rxf7+ Kxf7 51. a6 Ra1 52. a7 Rxa7 53.
Kxa7 1-0

[Event "10. Miedzynarodowy Turnieju Klubu Szachowego Polonia Wroclaw - OPEN A"]
[Site "Wroclaw"]
[Date "1899-12-30"]
[Round "7.3"]
[White "Sielecki, Christof"]
[Black "Kanicki, Krzysztof"]
[Result "1-0"]
[WhiteTitle "IM"]
[BlackTitle "I+"]
[WhiteElo "2437"]
[BlackElo "2097"]

1. d4 d5 2. Bf4 Nf6 3. e3 c5 4. dxc5 Nc6 5. Bb5 g6 6. Nf3 Bg7 7. Nc3 Bg4 8. O-O
O-O 9. h3 Bxf3 10. Qxf3 e6 11. Rfd1 Nd7 12. Bd6 Re8 13. Bf1 Bf8 14. Nb5 Nxc5 15.
Bxf8 Rxf8 16. c4 Ne4 17. cxd5 exd5 18. Qf4 Qf6 19. Nc7 Qxf4 20. exf4 Rad8 21.
Nxd5 Kg7 22. g4 Nc5 23. Kg2 Ne6 24. Kg3 Ned4 25. Nc3 Rd7 26. Rac1 Rfd8 27. Re1
Kf8 28. Ne4 h6 29. Nc5 Re7 30. Rxe7 Kxe7 31. Re1+ Kf8 32. Nxb7 Rb8 33. Nd6 Rxb2
34. Re8+ Kg7 35. Bc4 Rd2 36. Rc8 Na5 37. Ne8+ Kf8 38. Nf6+ Ke7 39. Rc7+ Kd8 40.
Rd7+ Kc8 41. Ba6+ Kb8 42. Kg2 Nac6 43. Ne8 Rb2 44. Rxf7 Rxa2 45. Bc4 Rb2 46. Nc7
a5 47. Na6+ Kc8 48. Rf8+ Kd7 49. Nc5+ Ke7 50. Rf7+ Kd8 51. Rd7+ Kc8 52. Rg7 Rc2
53. Ba6+ Kd8 54. Nb7+ Ke8 55. Bd3 Kf8 56. Rxg6 Rc3 57. Be4 a4 58. f5 a3 59. Bd5
Ne7 60. Rf6+ Ke8 61. Bf7+ Kf8 62. Ba2+ Ke8 63. Ra6 Nexf5 64. gxf5 Nxf5 65. Nd6+
Nxd6 66. Rxd6 Rc2 67. Bd5 Kf8 68. Ra6 Rd2 69. Bb3 Kg7 70. Rxa3 1-0

[Event "10. Miedzynarodowy Turnieju Klubu Szachowego Polonia Wroclaw - OPEN A"]
[Site "Wroclaw"]
[Date "1899-12-30"]
[Round "7.4"]
[White "Gumularz, Szymon"]
[Black "Dobrowolski, Piotr"]
[Result "0-1"]
[WhiteTitle "I++"]
[BlackTitle "IM"]
[WhiteElo "2284"]
[BlackElo "2416"]

1. e4 c5 2. Nf3 d6 3. d4 cxd4 4. Nxd4 Nf6 5. f3 e5 6. Nb3 Nc6 7. c4 a5 8. Be3 a4
9. N3d2 Qa5 10. a3 Be7 11. Nc3 O-O 12. Be2 Be6 13. Rc1 Nd7 14. O-O h6 15. Bf2
Nc5 16. Nd5 Bg5 17. Rc3 Nd4 18. Re1 Bxd5 19. cxd5 b5 20. Nf1 b4 21. Rc4 bxa3 22.
bxa3 Rab8 23. h4 Bf6 24. Qc1 Rb7 25. Qc3 Qxc3 26. Rxc3 Bd8 27. Bxd4 exd4 28. Rxc5
dxc5 29. Bc4 Bxh4 30. g3 Bd8 31. e5 Ba5 32. Rd1 Rfb8 33. d6 Kf8 34. f4 Rb1 35.
Rd3 Rc1 36. Bd5 c4 37. Rf3 Rb3 38. Rf2 c3 39. f5 Rb6 40. d7 Rbb1 41. Be4 Re1 42.
Bd3 Rbd1 43. Bc2 d3 0-1

[Event "10. Miedzynarodowy Turnieju Klubu Szachowego Polonia Wroclaw - OPEN A"]
[Site "Wroclaw"]
[Date "1899-12-30"]
[Round "7.5"]
[White "Kulas, Szymon"]
[Black "Cukrowski, Filip"]
[Result "1/2-1/2"]
[WhiteTitle "k"]
[BlackTitle "m"]
[WhiteElo "2243"]
[BlackElo "2330"]

1. d4 Nf6 2. Nf3 g6 3. c4 Bg7 4. g3 O-O 5. Bg2 c6 6. O-O d5 7. cxd5 cxd5 8. Nc3
Ne4 9. Ng5 Nxc3 10. bxc3 h6 11. Nh3 Qc7 12. Qb3 Bxh3 13. Bxh3 e6 14. Bf4 Qc6 15.
Bg2 Nd7 16. c4 Nb6 17. cxd5 exd5 18. Rac1 Qe6 19. e3 Rfd8 20. a4 Rd7 21. h4 Re8
22. a5 Nc4 23. e4 Nxa5 24. Qc3 Qb6 25. Bc7 Bxd4 26. Bxb6 Bxc3 27. Bh3 Rde7 28.
exd5 axb6 29. d6 Bb2 30. Rc2 Re5 31. d7 Rd8 32. Rc8 Nc6 33. Bg2 Kf8 34. Bxc6 Ke7
35. f4 Re3 36. Bb5 1/2-1/2

[Event "10. Miedzynarodowy Turnieju Klubu Szachowego Polonia Wroclaw - OPEN A"]
[Site "Wroclaw"]
[Date "1899-12-30"]
[Round "7.6"]
[White "Piotrowski, Przemyslaw"]
[Black "Guzewicz, Rafal"]
[Result "0-1"]
[WhiteTitle "k"]
[BlackTitle "I+"]
[WhiteElo "2292"]
[BlackElo "2045"]

1. d4 d5 2. Nf3 Bf5 3. g3 e6 4. Bg2 Nf6 5. O-O c6 6. c4 Be7 7. Nc3 O-O 8. Nh4 Bg4
9. h3 Bh5 10. g4 Nfd7 11. Nf3 Bg6 12. Bf4 dxc4 13. a4 a5 14. e4 Nb6 15. Qe2 N8d7
16. Rad1 Bb4 17. Qc2 Qe7 18. Ne2 Rfd8 19. Ng3 c5 20. Bc7 Rdc8 21. Bxb6 Nxb6 22.
h4 h6 23. g5 hxg5 24. Nxg5 cxd4 25. Rxd4 Rd8 26. Qd1 Rxd4 27. Qxd4 Bc5 28. Qd2
f6 29. h5 fxg5 30. hxg6 Qf6 31. e5 Qf4 32. Qxf4 gxf4 33. Ne2 Nxa4 34. Nxf4 Nxb2
35. Nxe6 Bb4 36. f4 c3 37. Be4 Nc4 38. Nd4 Bc5 0-1

[Event "10. Miedzynarodowy Turnieju Klubu Szachowego Polonia Wroclaw - OPEN A"]
[Site "Wroclaw"]
[Date "1899-12-30"]
[Round "7.7"]
[White "Grela, Kacper"]
[Black "Balinski, Damian"]
[Result "1-0"]
[WhiteTitle "k"]
[BlackTitle "k"]
[WhiteElo "2294"]
[BlackElo "2201"]

1. e4 d6 2. d4 Nf6 3. Nc3 g6 4. f4 Bg7 5. Bd3 O-O 6. Nf3 Nc6 7. e5 dxe5 8. fxe5
Nh5 9. Be3 f6 10. exf6 Nxf6 11. Qe2 Ng4 12. Bg1 e5 13. dxe5 Ngxe5 14. O-O-O Nxd3+
15. Rxd3 Qf6 16. Bc5 Bh6+ 17. Kb1 Bf5 18. Rdd1 Rfe8 19. Qc4+ Be6 20. Nd5 Qf7 21.
Qh4 Bxd5 22. Qxh6 Bxf3 23. gxf3 Re2 24. Qh4 Rae8 25. b3 a5 26. Ba3 Nb4 27. Bxb4
axb4 28. Qxb4 Qxf3 29. Rhf1 Qe4 30. Qc3 Qe5 31. Qc4+ Kh8 32. Rf7 Qxh2 33. Rxc7
Qe5 34. Qf7 Rh2 35. Rf1 Rg8 36. Rd1 g5 37. Qxg8+ 1-0

[Event "10. Miedzynarodowy Turnieju Klubu Szachowego Polonia Wroclaw - OPEN A"]
[Site "Wroclaw"]
[Date "1899-12-30"]
[Round "7.8"]
[White "Kowalczyk, Rafal"]
[Black "Nguyen, Piotr"]
[Result "0-1"]
[WhiteTitle "k"]
[BlackTitle "m"]
[WhiteElo "2158"]
[BlackElo "2273"]

1. e4 c6 2. d4 d5 3. Nc3 dxe4 4. Nxe4 Nf6 5. Nxf6+ gxf6 6. Nf3 Bg4 7. c3 Nd7 8.
Be2 Qc7 9. h3 Bh5 10. d5 Rg8 11. g3 O-O-O 12. Bf4 Qb6 13. Be3 c5 14. Qb3 e6 15.
O-O-O Qxb3 16. axb3 Nb6 17. dxe6 fxe6 18. Rxd8+ Kxd8 19. Rd1+ Kc8 20. c4 Nd7 21.
g4 Bg6 22. Nd2 Ne5 23. Nb1 Nc6 24. Rd2 h5 25. gxh5 Bf5 26. Bg4 Bxg4 27. hxg4 Rxg4
28. Rd1 Rh4 29. Rg1 Kd7 30. Rg8 Be7 31. h6 f5 32. Rg7 Rh1+ 33. Kd2 Rxb1 34. h7
Rh1 35. Bxc5 e5 36. b4 Ke6 37. b5 Bxc5 38. bxc6 bxc6 39. Rg6+ Kf7 40. Rxc6 Bxf2
41. Rc7+ Kg6 0-1

[Event "10. Miedzynarodowy Turnieju Klubu Szachowego Polonia Wroclaw - OPEN A"]
[Site "Wroclaw"]
[Date "1899-12-30"]
[Round "7.9"]
[White "Gelip, Ioana"]
[Black "Maj, Pawel"]
[Result "1/2-1/2"]
[WhiteTitle ""]
[BlackTitle "k"]
[WhiteElo "2155"]
[BlackElo "2129"]

1. e4 c5 2. Nf3 d6 3. d4 cxd4 4. Nxd4 Nf6 5. Nc3 a6 6. Bc4 e6 7. Bb3 Nbd7 8. Bg5
Nc5 9. f4 Be7 10. Qf3 Qc7 11. O-O-O O-O 12. g4 b5 13. Rhe1 Bb7 14. Bxf6 Bxf6 15.
g5 Bxd4 16. Rxd4 Rac8 17. Qd1 Qa5 18. Re3 Nxb3+ 19. axb3 b4 20. Na4 Bc6 21. Rxd6
Bxa4 22. bxa4 Qxa4 23. Kb1 Qb5 24. Rh3 g6 25. Rhd3 a5 26. f5 a4 27. fxe6 fxe6
28. Rxe6 Qc4 29. Rf6 Qxe4 30. Rd4 Qg2 31. Rg4 Qb7 32. Qe1 b3 33. Rxf8+ Rxf8 34.
Rxa4 bxc2+ 35. Kc1 Qc6 36. Ra3 Qg2 1/2-1/2